Catálogo

Guía para la elaboración de un manual de evaluación del profesorado : (Registro nro. 59913)

Detalles MARC
000 -LEADER
fixed length control field 01506cam a2200373 i 4500
001 - CONTROL NUMBER
control field 59913
003 - CONTROL NUMBER IDENTIFIER
control field Mx-PuUPA
005 - DATE AND TIME OF LATEST TRANSACTION
control field 20250515112758.0
008 - FIXED-LENGTH DATA ELEMENTS--GENERAL INFORMATION
fixed length control field 140415s1998 sp gr 001 0 spa d
017 ## - COPYRIGHT OR LEGAL DEPOSIT NUMBER
Copyright or legal deposit number BI-2840-1998
020 ## - INTERNATIONAL STANDARD BOOK NUMBER
International Standard Book Number 8427122144
040 ## - CATALOGING SOURCE
Original cataloging agency Mx-PuUPA
Language of cataloging spa
Transcribing agency Mx-PuUPA
Modifying agency Mx-PuUPA
Description conventions rda
041 1# - LANGUAGE CODE
Language code of text/sound track or separate title spa
Language code of original eng
100 1# - MAIN ENTRY--PERSONAL NAME
Personal name Farland, Dale S.,
Relator term autor
9 (RLIN) 17021
240 10 - UNIFORM TITLE
Uniform title Handbook for developing a teacher performance evaluation manual : a metamanual.
Language of a work Español
245 10 - TITLE STATEMENT
Title Guía para la elaboración de un manual de evaluación del profesorado :
Remainder of title un metamanual /
Statement of responsibility, etc. Dale S. Farland ; Arlen R. Gullickson ; traducción de Jon Asensi Jordán
264 #1 - PRODUCTION, PUBLICATION, DISTRIBUTION, MANUFACTURE, AND COPYRIGHT NOTICE
Place of production, publication, distribution, manufacture Bilbao, EspañaRe :
Name of producer, publisher, distributor, manufacturer Ediciones Mensajero,
Date of production, publication, distribution, manufacture, or copyright notice ©1998
300 ## - PHYSICAL DESCRIPTION
Extent 190 páginas ;
Dimensions 22 cm
336 ## - CONTENT TYPE
Fuente rdacontent
Content type term texto
Content type code txt
337 ## - MEDIA TYPE
Source rdamedia
Media type term sin medio
Media type code n
338 ## - CARRIER TYPE
Source rdacarrier
Carrier type term volumen
Carrier type code nc
490 0# - SERIES STATEMENT
Series statement Recursos e instrumentos psico-pedagógicoss ;
Volume/sequential designation 27
650 #7 - SUBJECT ADDED ENTRY--TOPICAL TERM
Source of heading or term armarc
Topical term or geographic name entry element Evolución
650 #7 - SUBJECT ADDED ENTRY--TOPICAL TERM
Source of heading or term armarc
Topical term or geographic name entry element Profesores
650 #7 - SUBJECT ADDED ENTRY--TOPICAL TERM
Source of heading or term armarc
Topical term or geographic name entry element Profesores
General subdivision Evaluación
650 #7 - SUBJECT ADDED ENTRY--TOPICAL TERM
Source of heading or term armarc
Topical term or geographic name entry element Evaluación educativa
700 1# - ADDED ENTRY--PERSONAL NAME
Personal name Gullickson, Arlen R.,
Relator term autor
700 1# - ADDED ENTRY--PERSONAL NAME
Personal name Asensi Jordán, Jon
Relator term traductor
765 0# - ORIGINAL LANGUAGE ENTRY
Main entry heading Farland, Dale S.
Title Handbook for developing a teacher perfomance evaluation manual : a metamanual
942 ## - ADDED ENTRY ELEMENTS (KOHA)
Source of classification or shelving scheme Dewey Decimal Classification
Koha item type Libro
Classification part 371.12
Item part F5516
Existencias
Withdrawn status Lost status Source of classification or shelving scheme Damaged status Not for loan Collection code Home library Current library Shelving location Date acquired Source of acquisition Cost, normal purchase price Total Checkouts Full call number Barcode Date last seen Cost, replacement price Price effective from Koha item type
    Dewey Decimal Classification     General Biblioteca Karol Wojtyla Biblioteca Karol Wojtyla Sala general 28/02/2025 Donación 0.00   371.12 F2518 1998 46191 05/01/2026 0.00 03/12/2013 Libro